| 000 | 00834nam a22002531 4500 | ||
|---|---|---|---|
| 001 | 19611 | ||
| 003 | BD-RjUL | ||
| 005 | 20211209000444.0 | ||
| 008 | 140225r19671964nyu f 001 p eng | ||
| 035 | _a(BD-RjUL)19671 | ||
| 040 |
_aDLC _cDLC _dDLC _dBD-RjUL _beng |
||
| 041 | _aeng | ||
| 082 | 0 | 0 |
_a821.1 _bBOR 1967 |
| 100 | 1 |
_aBowden, Muriel. _960241 |
|
| 245 | 1 | 2 |
_aA reader's guide to Geoffrey Chaucer / _cMuriel Bowden. |
| 260 |
_aNew York : _bFarrar, Straus, _cc1964 [Reprinted 1967]. |
||
| 300 |
_aviii, 212 p. ; _c21 cm. |
||
| 504 | _aBibliography: p. [207]-209. and index. | ||
| 600 | 1 | 0 |
_aChaucer, Geoffrey, _d-1400 _xCriticism and interpretation _xHandbooks, manuals, etc. _960254 |
| 600 | 1 | 0 |
_aChaucer, Geoffrey, _d-1400 _xExaminations _xStudy guides. _960255 |
| 942 |
_2ddc _cBK |
||
| 999 |
_c19611 _d19611 |
||